000 00830nmm a2200265 a 4500
001 ocm000891398
003 TR-IsHL
005 20201028144456.0
008 141121s2012 tu tur
007 cr cn
020 _a9786058832725
035 _a891398
_b(N$T)
050 0 4 _aPL248.A755
_bA33 2012
090 0 4 _aPL248.A755
_bA33 2012
100 1 _aArıkan, Yunus
245 1 0 _aAdına 'aşk' diyolar
_h[electronic resource] /
_cYunus Arıkan
260 _aİstanbul :
_bYediveren Yayınları,
_c2012
300 _a289 p.
650 4 _aDil ve Edebiyat
650 4 _aLanguage and Literature
650 0 _aTürk romanı
650 0 _aTurkish fiction
650 7 _aLITERARY COLLECTIONS / Middle Eastern
_2bisacsh
856 4 0 _uhttp://search.ebscohost.com/login.aspx?direct=true&scope=site&db=e011xww&AN=891398
999 _c9443
_d9443